Statistics for North Macedonia Euro 2020 Squad

Click here to take the quiz!

General Stats

  • This quiz has been taken 409 times
  • The average score is 10 of 27

Answer Stats

#PositionPlayer% Correct
10FW ©Goran Pandev
94%
21MFElif Elmas
74%
8DFEzgjan Alioski
74%
17MFEnis Bardhi
59%
1GKStole Dimitrievski
57%
13DFStefan Ristovski
50%
9FWAleksandar Trajkovski
49%
26MFMilan Ristovski
49%
5MFArijan Ademi
44%
6DFVisar Musliu
42%
14DFDarko Velkovski
33%
25MFDarko Churlinov
32%
16MFBoban Nikolov
30%
ManagerIgor Angelovski
29%
4DFKire Ristevski
28%
2DFEgzon Bejtulai
27%
20MFStefan Spirovski
24%
15MFTihomir Kostadinov
22%
3DFGjoko Zajkov
21%
7FWIvan Trichkovski
20%
18FWVlatko Stojanovski
19%
22GKDamjan Shishkovski
18%
11MFFerhan Hasani
15%
24FWDaniel Avramovski
12%
12GKRisto Jankov
12%
19FWKrste Velkoski
11%
23MFMarjan Radeski
9%

Score Distribution

Percentile by Number Answered

Percent of People with Each Score

Your Score History

You have not taken this quiz